000 00603cam a22002053a 4500
001 40885
003 PGUSA
005 20140828083920.0
008 120928s2012||||xxu|||||s|||||000 | eng d
040 _aPGUSA
_beng
042 _adc
100 1 _aFerrari, Pio Vittorio
245 1 0 _aVilla Glori - Ricordi ed aneddoti dell'autunno 1867
_h[electronic resource] /
_cPio Vittorio Ferrari
260 _bProject Gutenberg,
_c2012
506 _aPublic domain in the USA.
516 _aElectronic text
830 0 _aProject Gutenberg
_v40885
856 4 0 _uhttp://www.gutenberg.org/ebooks/40885
942 _cEB
999 _c270137
_d270137